Los ejércitos blancos / (Record no. 75668)

MARC details
000 -LEADER
campo de control de longitud fija 00591nam a2200193 i 4500
001 - NÚMERO DE CONTROL
campo de control 75668
003 - IDENTIFICADOR DE NÚMERO DE CONTROL
campo de control ES-MaACL
005 - FECHA Y HORA DE LA ÚLTIMA TRANSACCIÓN
campo de control 20250722131824.0
007 - CAMPO FIJO DE DESCRIPCIÓN FÍSICA--INFORMACIÓN GENERAL
campo de control de longitud fija t|
008 - DATOS DE LONGITUD FIJA--INFORMACIÓN GENERAL
campo de control de longitud fija 040927s1973 sp ||||1| spa d
100 1# - ENTRADA PRINCIPAL--NOMBRE DE PERSONA
Nombre de persona Grey, Marina.
9 (RLIN) 59969
245 14 - MENCIÓN DEL TÍTULO
Título Los ejércitos blancos /
Mención de responsabilidad, etc. Marina Grey y Jean Bourdier ; [versión de Basilio Losada].
260 ## - PUBLICACIÓN, DISTRIBUCIÓN, ETC.
Lugar de publicación, distribución, etc. Barcelona :
Nombre del editor, distribuidor, etc. Luis de Caralt,
Fecha de publicación, distribución, etc. [1973]
300 ## - DESCRIPCIÓN FÍSICA
Extensión 336 p., 8 lám. ;
Dimensiones 23 cm.
700 1# - ENTRADA AGREGADA--NOMBRE PERSONAL
Nombre de persona Bourdier, Jean.
9 (RLIN) 30963
700 1# - ENTRADA AGREGADA--NOMBRE PERSONAL
Nombre de persona Losada, Basilio,
Fechas asociadas al nombre 1930-
9 (RLIN) 74251
852 ## - LOCALIZACIÓN
Ubicación ES-MaACL
Número de control de estantería C-54852
Sublocalización o colección R.87546
Holdings
Estatus retirado Estado de pérdida Estado de daño No para préstamo Biblioteca de origen Biblioteca actual Ubicación en estantería Fecha de adquisición Fuente de adquisición Total de préstamos Signatura topográfica completa Código de barras Visto por última vez Precio de reemplazo Tipo de ítem Koha
        Biblioteca del Ateneo de Madrid Biblioteca del Ateneo de Madrid Depósito 2 17/01/2008     C-54852 1079199 23/02/2023 23/02/2023 Libro impreso